00781nam a22001817a 4500003000200000005001700002008004100019050002800060100003100088245014100119260008500260300003300345504004100378650004400419650004900463650004200512650004500554020250116140511.0160118b xxu||||| |||| 00| 0 eng d aPHS QA 11.2b.M433 2015 aMatibag, Roberto Martin P. aThe relationship of the perceived effectiveness of Math levels in SISC and self-efficacy of grade 11 studentscRoberto Martin P. Matibag aLas Piñas, Philippines :bSouthville International School and Colleges,c2015. aiii, 25 p. :bill. ;c28 cm. aIncludes bibliographical references. aMathematicsvEducational effectiveness. aMathematicsvStudy and teaching (Secondary). aSelf-efficacyvPsychological aspects. aEducation, SecondaryvStudent attitudes.